01147nam a2200193 450000500170000000800410001704000440005804100080010208200160011010000230012624500860014926000500023530000370028550004160032250501300073850600210086865000350088965000290092420160524115714.0160524s1893 ck |||fr|||| 001 0 spa d aCO-BoUCMbspacSandra YazodSandra Yazo0 aspa04220a372.4121 aBernal, Rodolfo D.10aLectura escogidas en prosa y verso para niños y niñascpor Rodolfo D. Bernal aBogotá (Colombia)bImprenta de La Luzc1893 axlii, 470 páginasc17 x 13 cm. aDetalles físicos: Encuadernación rígida en cartón forrado en papel. Lomo en cuero con nervaduras sobre costura y adornos en dorado. Tapa delantera con deterioro en borde vertical, raspaduras y dobleces. Guardas decoradas. Hoja de cortesía. Portada impresa en una sola tinta con una anotación manuscrita del autor. Texto impreso en una sola columna. Papel muy manchado, última hoja con bordes rotos0 aAdvertencias ; Prólogo ; Lectura ideológica ; Sección epistolar ; Fábulas -- Lecturas estéticas ; Poesía lírica aConsulta en sala 7aLibros y lectura para niños  7aColecciones de escritos